[Event "Campeonato España Sub 14"]
[Site "Salobreña"]
[Date "2017.07.18"]
[Round "3"]
[White "Bosch Jorda, Ricard"]
[Black "Reboredo Martinez, Claudio"]
[Result "0-1"]
[Board "24"]
[WhiteClock "1:30"]
[WhiteElo "1655"]
[WhiteCountry "ESP"]
[WhiteFideId "24541001"]
[WhiteEloChange "-6"]
[BlackClock "1:30"]
[BlackElo "1796"]
[BlackCountry "ESP"]
[BlackFideId "24557153"]
[BlackEloChange "6"]

1. e4 {[%clk 1:30:00]} c5 {[%clk 1:30:00]} 2. Nf3 {[%clk 1:31:00]} d6 {[%clk
1:31:00]} 3. d4 {[%clk 1:31:00]} cxd4 {[%clk 1:31:00]} 4. Nxd4 {[%clk 1:32:00]}
Nf6 {[%clk 1:32:00]} 5. Nc3 {[%clk 1:32:00]} g6 {[%clk 1:32:00]} 6. g3 {[%clk
1:32:00]} Bg7 {[%clk 1:32:00]} 7. Bg2 {[%clk 1:32:00]} O-O {[%clk 1:33:00]} 8.
O-O {[%clk 1:32:00]} a6 {[%clk 1:32:00]} 9. Bg5 {[%clk 1:28:00]} Nbd7 {[%clk
1:31:00]} 10. Qd2 {[%clk 1:24:00]} Ne5 {[%clk 1:18:00]} 11. Bh6 {[%clk 1:20:00]}
Nc4 {[%clk 1:08:00]} 12. Qc1 {[%clk 1:17:00]} Qb6 {[%clk 0:55:00]} 13. Bxg7
{[%clk 1:15:00]} Kxg7 {[%clk 0:55:00]} 14. Nb3 {[%clk 1:14:00]} Qc7 {[%clk
0:50:00]} 15. Nd2 {[%clk 1:12:00]} Ne5 {[%clk 0:50:00]} 16. Re1 {[%clk 1:07:00]}
Rb8 {[%clk 0:49:00]} 17. a4 {[%clk 1:06:00]} b5 {[%clk 0:48:00]} 18. axb5 {[%clk
1:03:00]} axb5 {[%clk 0:49:00]} 19. Nb3 {[%clk 0:52:00]} Bg4 {[%clk 0:36:00]} 20.
Nd4 {[%clk 0:50:00]} Qc5 {[%clk 0:35:00]} 21. Ndxb5 {[%clk 0:42:00]} Rxb5 {[%clk
0:33:00]} 22. Nxb5 {[%clk 0:41:00]} Qxb5 {[%clk 0:34:00]} 23. Re3 {[%clk
0:41:00]} Be6 {[%clk 0:29:00]} 24. Rc3 {[%clk 0:39:00]} Rb8 {[%clk 0:28:00]} 25.
b3 {[%clk 0:32:00]} d5 {[%clk 0:17:28]} 26. Qe3 {[%clk 0:26:00]} Neg4 {[%clk
0:09:53]} 27. Qd4 {[%clk 0:24:00]} dxe4 {[%clk 0:06:50]} 28. h3 {[%clk 0:23:00]}
Qe5 {[%clk 0:03:38]} 29. Qxe5 {[%clk 0:20:00]} Nxe5 {[%clk 0:04:07]} 30. Rc7
{[%clk 0:19:33]} Nd5 {[%clk 0:03:47]} 31. Rc5 {[%clk 0:19:03]} Nd7 {[%clk
0:03:00]} 32. Rca5 {[%clk 0:19:05]} f5 {[%clk 0:02:16]} 33. Ra6 {[%clk 0:18:35]}
Kf7 {[%clk 0:02:35]} 34. Rc6 {[%clk 0:17:23]} Ne5 {[%clk 0:02:36]} 35. Rca6
{[%clk 0:16:12]} Nd7 {[%clk 0:03:03]} 36. Rc1 {[%clk 0:15:49]} Nb4 {[%clk
0:03:05]} 37. Ra3 {[%clk 0:15:00]} Rc8 {[%clk 0:03:01]} 38. c4 {[%clk 0:14:51]}
Nd3 {[%clk 0:03:17]} 39. Rc3 {[%clk 0:14:52]} N7c5 {[%clk 0:02:08]} 40. Bf1
{[%clk 0:13:44]} Rb8 {[%clk 0:02:15]} 41. Be2 {[%clk 0:13:34]} Kf6 {[%clk
0:02:26]} 42. Bxd3 {[%clk 0:12:41]} exd3 {[%clk 0:02:30]} 43. Kf1 {[%clk
0:10:42]} Ke5 {[%clk 0:02:41]} 44. b4 {[%clk 0:09:36]} Rxb4 {[%clk 0:02:54]} 45.
Ke1 {[%clk 0:08:55]} Kd4 {[%clk 0:02:52]} 46. Rc1 {[%clk 0:05:35]} Ne4 {[%clk
0:02:18]} 47. Rd1 {[%clk 0:04:46]} d2+ {[%clk 0:02:18]} 48. Rxd2+ {[%clk
0:04:46]} Nxd2 {[%clk 0:02:18]} 49. Kxd2 {[%clk 0:04:46]} Bxc4 {[%clk 0:02:18]}
50. Ra7 {[%clk 0:04:46]} Rb2+ {[%clk 0:02:18]} 51. Kc1 {[%clk 0:04:46]} Kc3
{[%clk 0:02:18]} 52. Rxe7 {[%clk 0:04:46]} Rxf2 {[%clk 0:02:18]} 0-1

[Event "Campeonato España Sub 14"]
[Site "Salobreña"]
[Date "2017.07.18"]
[Round "3"]
[White "Buitron Ramil, David"]
[Black "Padilla Picuasi, Wuayra David"]
[Result "1-0"]
[Board "25"]
[WhiteClock "1:30"]
[WhiteElo "1795"]
[WhiteCountry "ESP"]
[WhiteFideId "24519731"]
[WhiteEloChange "5"]
[BlackClock "1:30"]
[BlackElo "1589"]
[BlackCountry "ESP"]
[BlackFideId "32066180"]
[BlackEloChange "-5"]

1. e4 {[%clk 1:30:00]} c5 {[%clk 1:30:00]} 2. Nf3 {[%clk 1:29:00]} Nc6 {[%clk
1:30:00]} 3. d4 {[%clk 1:29:00]} cxd4 {[%clk 1:31:00]} 4. Nxd4 {[%clk 1:29:00]}
g6 {[%clk 1:30:00]} 5. Nc3 {[%clk 1:28:00]} Bg7 {[%clk 1:30:00]} 6. Nde2 {[%clk
1:28:00]} Nf6 {[%clk 1:29:00]} 7. g3 {[%clk 1:28:00]} d6 {[%clk 1:29:00]} 8. Bg2
{[%clk 1:28:00]} O-O {[%clk 1:29:00]} 9. O-O {[%clk 1:28:00]} Rb8 {[%clk
1:23:00]} 10. a4 {[%clk 1:29:00]} a6 {[%clk 1:18:00]} 11. Nd5 {[%clk 1:23:00]}
Nxd5 {[%clk 1:12:00]} 12. exd5 {[%clk 1:24:00]} Ne5 {[%clk 1:13:00]} 13. Nd4
{[%clk 1:13:00]} Ng4 {[%clk 0:54:00]} 14. a5 {[%clk 1:08:00]} Nf6 {[%clk
0:49:00]} 15. Ra2 {[%clk 1:05:00]} e5 {[%clk 0:46:00]} 16. Nb3 {[%clk 0:47:00]}
Nd7 {[%clk 0:42:00]} 17. Be3 {[%clk 0:45:00]} f5 {[%clk 0:29:00]} 18. f4 {[%clk
0:42:00]} e4 {[%clk 0:27:00]} 19. Nd4 {[%clk 0:42:00]} Nf6 {[%clk 0:26:00]} 20.
c4 {[%clk 0:38:00]} Ng4 {[%clk 0:25:00]} 21. Qe2 {[%clk 0:37:00]} Nxe3 {[%clk
0:17:14]} 22. Qxe3 {[%clk 0:37:00]} Bd7 {[%clk 0:16:55]} 23. b4 {[%clk 0:22:00]}
Qf6 {[%clk 0:10:28]} 24. Rd1 {[%clk 0:19:54]} Rfc8 {[%clk 0:08:18]} 25. Bf1
{[%clk 0:20:00]} Rc7 {[%clk 0:04:22]} 26. c5 {[%clk 0:07:25]} dxc5 {[%clk
0:01:21]} 27. bxc5 {[%clk 0:07:54]} Rxc5 {[%clk 0:00:34]} 28. Nc6 {[%clk
0:07:39]} Rc3 {[%clk 0:00:36]} 29. Qa7 {[%clk 0:08:07]} Rc8 {[%clk 0:00:51]} 30.
Qxb7 {[%clk 0:08:27]} Qd8 {[%clk 0:00:51]} 1-0

[Event "Campeonato España Sub 14"]
[Site "Salobreña"]
[Date "2017.07.19"]
[Round "4"]
[White "Masague Artero, Guerau"]
[Black "Gines Esteo, Pedro Antonio"]
[Result "0-1"]
[Board "1"]
[WhiteClock "n/a"]
[WhiteElo "1965"]
[WhiteCountry "ESP"]
[WhiteFideId "32098952"]
[WhiteEloChange "-2"]
[BlackClock "n/a"]
[BlackTitle "FM"]
[BlackElo "2375"]
[BlackCountry "ESP"]
[BlackFideId "32080190"]
[BlackEloChange "2"]

1. d4 {[%clk 1:30:30]} d6 {[%clk 1:30:30]} 2. Nf3 {[%clk 1:30:30]} f5 {[%clk
1:30:30]} 3. g3 {[%clk 1:30:30]} g6 {[%clk 1:30:30]} 4. Bg2 {[%clk 1:30:30]} Bg7
{[%clk 1:30:30]} 5. O-O {[%clk 1:30:30]} Nf6 {[%clk 1:30:30]} 6. c4 {[%clk
1:30:30]} O-O {[%clk 1:30:30]} 7. Nc3 {[%clk 1:30:30]} c6 {[%clk 1:30:30]} 8. d5
{[%clk 1:30:30]} e5 {[%clk 1:30:30]} 9. dxe6 {[%clk 1:30:30]} Bxe6 {[%clk
1:30:30]} 10. b3 {[%clk 1:30:30]} Ne4 {[%clk 1:30:30]} 11. Nxe4 {[%clk 1:30:30]}
Bxa1 {[%clk 1:30:30]} 12. Nxd6 {[%clk 1:30:30]} Qd7 {[%clk 1:30:30]} 13. Bf4
{[%clk 1:30:30]} Bg7 {[%clk 1:30:30]} 14. Qc1 {[%clk 1:30:30]} Na6 {[%clk
1:30:30]} 15. Rd1 {[%clk 1:30:30]} Rad8 {[%clk 1:30:30]} 16. Rd2 {[%clk 1:30:30]}
Qe7 {[%clk 1:30:30]} 17. Bg5 {[%clk 1:30:30]} Bf6 {[%clk 1:30:30]} 18. Bxf6
{[%clk 1:30:30]} Rxf6 {[%clk 1:30:30]} 19. Qd1 {[%clk 1:30:30]} Rff8 {[%clk
1:30:30]} 20. Ne5 {[%clk 1:30:30]} Nc5 {[%clk 1:30:30]} 21. f4 {[%clk 1:30:30]}
a5 {[%clk 1:30:30]} 22. h4 {[%clk 1:30:30]} a4 {[%clk 1:30:30]} 23. b4 {[%clk
1:30:30]} Ne4 {[%clk 1:30:30]} 24. Bxe4 {[%clk 1:30:30]} fxe4 {[%clk 1:30:30]}
25. e3 {[%clk 1:30:30]} a3 {[%clk 1:30:30]} 26. c5 {[%clk 1:30:30]} Bd5 {[%clk
1:30:30]} 27. h5 {[%clk 1:30:30]} Qe6 {[%clk 1:30:30]} 28. hxg6 {[%clk 1:30:30]}
hxg6 {[%clk 1:30:30]} 29. Ng4 {[%clk 1:30:30]} Rd7 {[%clk 1:30:30]} 30. Nh6+
{[%clk 1:30:30]} Kg7 {[%clk 1:30:30]} 31. Rh2 {[%clk 1:30:30]} Qf6 {[%clk
1:30:30]} 32. Nxe4 {[%clk 1:30:30]} Qe7 {[%clk 1:30:30]} 33. Qd4+ {[%clk
1:30:30]} Rf6 {[%clk 1:30:30]} 34. Nxf6 {[%clk 1:30:30]} Qxf6 {[%clk 1:30:30]}
35. Qxf6+ {[%clk 1:30:30]} Kxf6 {[%clk 1:30:30]} 36. Ng4+ {[%clk 1:30:30]} Kf5
{[%clk 1:30:30]} 37. Ne5 {[%clk 1:30:30]} Rd8 {[%clk 1:30:30]} 38. g4+ {[%clk
1:30:30]} Ke4 {[%clk 1:30:30]} 39. Nxg6 {[%clk 1:30:30]} Kxe3 {[%clk 1:30:30]}
40. Rh3+ {[%clk 1:30:30]} Bf3 {[%clk 1:30:30]} 41. Ne5 {[%clk 1:30:30]} Rd1+
{[%clk 1:30:30]} 42. Kh2 {[%clk 1:30:30]} Rh1+ {[%clk 1:30:30]} 43. Kg3 {[%clk
1:30:30]} Rxh3+ {[%clk 1:30:30]} 44. Kxh3 {[%clk 1:30:30]} Bd5 {[%clk 1:30:30]}
45. b5 {[%clk 1:30:30]} cxb5 {[%clk 1:30:30]} 46. f5 {[%clk 1:30:30]} b4 {[%clk
1:30:30]} 47. f6 {[%clk 1:30:30]} b3 {[%clk 1:30:30]} 48. axb3 {[%clk 1:30:30]}
a2 {[%clk 1:30:30]} 0-1

[Event "Campeonato España Sub 14"]
[Site "Salobreña"]
[Date "2017.07.19"]
[Round "4"]
[White "Henderson de La Fuente, Lance"]
[Black "Carbonell Sancho, Marc"]
[Result "1-0"]
[Board "2"]
[WhiteClock "1:30"]
[WhiteElo "2369"]
[WhiteCountry "ESP"]
[WhiteFideId "32096585"]
[WhiteEloChange "2"]
[BlackClock "1:30"]
[BlackElo "1943"]
[BlackCountry "ESP"]
[BlackFideId "32029969"]
[BlackEloChange "-2"]

1. e4 {[%clk 1:30:00]} e6 {[%clk 1:30:00]} 2. d4 {[%clk 1:31:00]} d5 {[%clk
1:31:00]} 3. Nd2 {[%clk 1:31:00]} c5 {[%clk 1:31:00]} 4. exd5 {[%clk 1:30:00]}
Qxd5 {[%clk 1:31:00]} 5. dxc5 {[%clk 1:27:00]} Nf6 {[%clk 1:28:00]} 6. Ngf3
{[%clk 1:25:00]} Be7 {[%clk 1:25:00]} 7. Bc4 {[%clk 1:12:00]} Qxc5 {[%clk
1:25:00]} 8. O-O {[%clk 1:13:00]} O-O {[%clk 1:25:00]} 9. Qe2 {[%clk 1:12:00]}
Qc7 {[%clk 1:24:00]} 10. b3 {[%clk 1:08:00]} Nc6 {[%clk 1:21:00]} 11. Bb2 {[%clk
1:08:00]} Bd7 {[%clk 1:18:00]} 12. Rad1 {[%clk 0:58:00]} Rad8 {[%clk 1:16:00]}
13. Ne4 {[%clk 0:48:00]} Qf4 {[%clk 1:06:00]} 14. Nd6 {[%clk 0:44:00]} Bxd6
{[%clk 0:55:00]} 15. g3 {[%clk 0:44:00]} Qe4 {[%clk 0:53:00]} 16. Rxd6 {[%clk
0:44:00]} Qxe2 {[%clk 0:53:00]} 17. Bxe2 {[%clk 0:45:00]} Ne4 {[%clk 0:52:00]}
18. Rdd1 {[%clk 0:45:00]} Rfe8 {[%clk 0:50:00]} 19. Nd2 {[%clk 0:38:00]} Nxd2
{[%clk 0:46:00]} 20. Rxd2 {[%clk 0:38:00]} Bc8 {[%clk 0:46:00]} 21. Rfd1 {[%clk
0:38:00]} Rxd2 {[%clk 0:45:00]} 22. Rxd2 {[%clk 0:39:00]} Rd8 {[%clk 0:45:00]}
23. Rxd8+ {[%clk 0:39:00]} Nxd8 {[%clk 0:46:00]} 24. f4 {[%clk 0:38:00]} f6
{[%clk 0:45:00]} 25. Kf2 {[%clk 0:38:00]} Kf7 {[%clk 0:45:00]} 26. Ke3 {[%clk
0:39:00]} b6 {[%clk 0:46:00]} 27. c4 {[%clk 0:33:00]} Ke7 {[%clk 0:44:00]} 28.
Bd3 {[%clk 0:32:00]} g6 {[%clk 0:42:00]} 29. b4 {[%clk 0:29:00]} Nf7 {[%clk
0:38:00]} 30. b5 {[%clk 0:28:00]} e5 {[%clk 0:34:00]} 31. Ba3+ {[%clk 0:27:00]}
Kd8 {[%clk 0:34:00]} 32. Bb4 {[%clk 0:24:00]} Be6 {[%clk 0:33:00]} 33. a4 {[%clk
0:25:00]} f5 {[%clk 0:33:00]} 34. a5 {[%clk 0:23:00]} e4 {[%clk 0:33:00]} 35. Be2
{[%clk 0:23:00]} Kc7 {[%clk 0:33:00]} 36. Kd4 {[%clk 0:23:00]} Kb7 {[%clk
0:33:00]} 37. c5 {[%clk 0:22:00]} Kc7 {[%clk 0:31:00]} 38. h3 {[%clk 0:19:37]}
Kb7 {[%clk 0:31:00]} 39. g4 {[%clk 0:18:53]} Kc7 {[%clk 0:31:00]} 40. g5 {[%clk
0:19:02]} Kb7 {[%clk 0:31:00]} 41. h4 {[%clk 0:19:12]} Kc7 {[%clk 0:28:00]} 42.
h5 {[%clk 0:19:17]} gxh5 {[%clk 0:29:00]} 43. Bxh5 {[%clk 0:19:18]} Kb7 {[%clk
0:29:00]} 44. Be2 {[%clk 0:17:54]} Kc7 {[%clk 0:26:00]} 45. cxb6+ {[%clk
0:17:10]} axb6 {[%clk 0:26:00]} 46. a6 {[%clk 0:17:39]} Bd7 {[%clk 0:26:00]} 47.
Bc4 {[%clk 0:17:01]} Nh8 {[%clk 0:26:00]} 48. Bd6+ {[%clk 0:17:01]} 1-0

[Event "Campeonato España Sub 14"]
[Site "Salobreña"]
[Date "2017.07.19"]
[Round "4"]
[White "Alonso Garcia, Aaron"]
[Black "Alvarez Albiol, Victor"]
[Result "1-0"]
[Board "3"]
[WhiteClock "1:30"]
[WhiteElo "2119"]
[WhiteCountry "ESP"]
[WhiteFideId "24521060"]
[WhiteEloChange "5"]
[BlackClock "1:30"]
[BlackElo "1921"]
[BlackCountry "ESP"]
[BlackFideId "32065930"]
[BlackEloChange "-5"]

1. e4 {[%clk 1:30:00]} c5 {[%clk 1:30:00]} 2. Nc3 {[%clk 1:31:00]} a6 {[%clk
1:30:00]} 3. g3 {[%clk 1:30:00]} b5 {[%clk 1:30:00]} 4. Bg2 {[%clk 1:30:00]} Bb7
{[%clk 1:30:00]} 5. d3 {[%clk 1:29:00]} e6 {[%clk 1:30:00]} 6. Nf3 {[%clk
1:28:00]} d6 {[%clk 1:28:00]} 7. O-O {[%clk 1:28:00]} Nc6 {[%clk 1:27:00]} 8. Ng5
{[%clk 1:20:00]} Nf6 {[%clk 1:13:00]} 9. f4 {[%clk 1:17:00]} Qc7 {[%clk 1:09:00]}
10. f5 {[%clk 1:04:00]} exf5 {[%clk 0:59:00]} 11. Rxf5 {[%clk 0:54:00]} Nd4
{[%clk 0:48:00]} 12. Rf1 {[%clk 0:51:00]} h6 {[%clk 0:44:00]} 13. Nh3 {[%clk
0:49:00]} Be7 {[%clk 0:38:00]} 14. Nf4 {[%clk 0:42:00]} O-O {[%clk 0:33:00]} 15.
Ncd5 {[%clk 0:36:00]} Qd8 {[%clk 0:26:00]} 16. Nxe7+ {[%clk 0:26:00]} Qxe7 {[%clk
0:26:00]} 17. c3 {[%clk 0:25:00]} Ne6 {[%clk 0:22:00]} 18. Nd5 {[%clk 0:23:00]}
Nxd5 {[%clk 0:22:00]} 19. exd5 {[%clk 0:23:00]} Nc7 {[%clk 0:22:00]} 20. c4
{[%clk 0:22:00]} Ne8 {[%clk 0:20:00]} 21. b3 {[%clk 0:17:44]} Nf6 {[%clk
0:17:02]} 22. Re1 {[%clk 0:14:49]} Qd7 {[%clk 0:16:03]} 23. Bb2 {[%clk 0:14:25]}
Nh7 {[%clk 0:15:43]} 24. d4 {[%clk 0:12:25]} bxc4 {[%clk 0:14:28]} 25. bxc4
{[%clk 0:12:43]} cxd4 {[%clk 0:13:18]} 26. Qxd4 {[%clk 0:12:52]} f6 {[%clk
0:13:24]} 27. Re3 {[%clk 0:08:50]} Ng5 {[%clk 0:12:50]} 28. Rae1 {[%clk 0:07:39]}
Rfe8 {[%clk 0:12:45]} 29. h4 {[%clk 0:03:54]} Nf7 {[%clk 0:12:45]} 30. Bh3 {[%clk
0:03:44]} Rxe3 {[%clk 0:10:06]} 31. Bxd7 {[%clk 0:04:13]} Rxe1+ {[%clk 0:10:27]}
32. Kf2 {[%clk 0:04:38]} Re7 {[%clk 0:10:48]} 33. Be6 {[%clk 0:04:36]} Bc8 {[%clk
0:09:39]} 34. Bxf7+ {[%clk 0:04:15]} Kxf7 {[%clk 0:09:41]} 35. Ba3 {[%clk
0:04:31]} Rd7 {[%clk 0:09:29]} 36. Qf4 {[%clk 0:03:16]} Rb8 {[%clk 0:08:29]} 37.
c5 {[%clk 0:03:10]} Rb5 {[%clk 0:08:38]} 38. cxd6 {[%clk 0:02:44]} Rxd5 {[%clk
0:08:33]} 39. Qc4 {[%clk 0:03:08]} Bb7 {[%clk 0:08:55]} 40. Ke3 {[%clk 0:02:36]}
Ke8 {[%clk 0:07:35]} 41. Qc2 {[%clk 0:02:02]} Re5+ {[%clk 0:07:10]} 42. Kd4
{[%clk 0:01:35]} Re4+ {[%clk 0:06:04]} 43. Kd3 {[%clk 0:00:58]} Re5 {[%clk
0:05:32]} 44. Qc4 {[%clk 0:00:58]} Rd5+ {[%clk 0:05:27]} 45. Ke3 {[%clk 0:00:54]}
Re5+ {[%clk 0:05:47]} 46. Kf2 {[%clk 0:01:10]} Rf5+ {[%clk 0:06:02]} 47. Kg1
{[%clk 0:01:10]} Rd5 {[%clk 0:06:14]} 48. Qe4+ {[%clk 0:00:44]} Kf7 {[%clk
0:05:47]} 49. Qc4 {[%clk 0:00:39]} Ke8 {[%clk 0:06:00]} 50. g4 {[%clk 0:00:55]}
Kf8 {[%clk 0:05:28]} 51. Kf2 {[%clk 0:00:46]} Ke8 {[%clk 0:05:37]} 52. Kg3 {[%clk
0:00:41]} Kf8 {[%clk 0:05:33]} 53. Qc2 {[%clk 0:00:44]} Kf7 {[%clk 0:05:22]} 54.
h5 {[%clk 0:01:00]} Kf8 {[%clk 0:04:39]} 55. Kf4 {[%clk 0:00:42]} Rd4+ {[%clk
0:04:58]} 56. Kg3 {[%clk 0:00:48]} Rd5 {[%clk 0:05:14]} 57. Bc1 {[%clk 0:00:40]}
Kf7 {[%clk 0:03:50]} 58. Qg6+ {[%clk 0:00:42]} Kf8 {[%clk 0:04:01]} 59. Bf4
{[%clk 0:00:34]} Bc6 {[%clk 0:03:36]} 60. Qh7 {[%clk 0:00:39]} a5 {[%clk
0:02:37]} 61. Kf2 {[%clk 0:00:38]} a4 {[%clk 0:02:16]} 62. Ke3 {[%clk 0:00:41]}
a3 {[%clk 0:01:14]} 63. Qc2 {[%clk 0:00:35]} Bb7 {[%clk 0:00:59]} 64. Qb3 {[%clk
0:00:26]} Ra5 {[%clk 0:00:59]} 65. Qc2 {[%clk 0:00:20]} Ra6 {[%clk 0:00:59]} 66.
Kd4 {[%clk 0:00:20]} Ke8 {[%clk 0:00:55]} 67. Qg6+ {[%clk 0:00:36]} Kf8 {[%clk
0:00:18]} 68. Qf5 {[%clk 0:00:36]} Bc6 {[%clk 0:00:39]} 69. Kc3 {[%clk 0:00:35]}
Kg8 {[%clk 0:00:38]} 70. Qe6+ {[%clk 0:00:44]} Kf8 {[%clk 0:00:59]} 71. Be3
{[%clk 0:00:40]} Ra4 {[%clk 0:00:57]} 72. Bd4 {[%clk 0:00:44]} Ra6 {[%clk
0:00:59]} 73. Qc4 {[%clk 0:00:40]} Bb7 {[%clk 0:01:08]} 74. Bc5 {[%clk 0:00:54]}
Rc6 {[%clk 0:01:14]} 75. Kb3 {[%clk 0:01:02]} Ba6 {[%clk 0:01:11]} 76. Qd5 {[%clk
0:01:00]} Bb7 {[%clk 0:01:25]} 77. Qf5 {[%clk 0:00:58]} Bc8 {[%clk 0:01:19]} 78.
Qd5 {[%clk 0:00:40]} Bb7 {[%clk 0:01:16]} 79. Qd4 {[%clk 0:01:05]} Ra6 {[%clk
0:01:25]} 80. Bxa3 {[%clk 0:01:20]} Rc6 {[%clk 0:01:01]} 81. Bb4 {[%clk 0:01:27]}
Ba6 {[%clk 0:01:01]} 82. Qe4 {[%clk 0:01:32]} Bb7 {[%clk 0:01:14]} 83. Qf5 {[%clk
0:01:43]} Bc8 {[%clk 0:00:39]} 84. Qb5 {[%clk 0:01:54]} Bb7 {[%clk 0:00:56]} 85.
Ba5 {[%clk 0:01:13]} Ke8 {[%clk 0:00:41]} 86. Bc7 {[%clk 0:01:31]} Rdxc7 {[%clk
0:00:32]} 87. dxc7 {[%clk 0:01:59]} Kd7 {[%clk 0:00:45]} 88. Qxb7 {[%clk
0:02:23]} Rxc7 {[%clk 0:01:14]} 89. Qd5+ {[%clk 0:01:53]} Ke7 {[%clk 0:01:43]}
90. a4 {[%clk 0:02:45]} Ra7 {[%clk 0:02:06]} 91. Qc5+ {[%clk 0:02:45]} 1-0

[Event "Campeonato España Sub 14"]
[Site "Salobreña"]
[Date "2017.07.19"]
[Round "4"]
[White "Amador Garcia, Ismael"]
[Black "Diaz Mino, Pablo"]
[Result "1-0"]
[Board "4"]
[WhiteClock "1:30"]
[WhiteElo "1877"]
[WhiteCountry "ESP"]
[WhiteFideId "32040920"]
[WhiteEloChange "15"]
[BlackClock "1:30"]
[BlackElo "2047"]
[BlackCountry "ESP"]
[BlackFideId "24520470"]
[BlackEloChange "-15"]

1. e4 {[%clk 1:30:00]} e6 {[%clk 1:30:00]} 2. d4 {[%clk 1:31:00]} d5 {[%clk
1:30:00]} 3. Nc3 {[%clk 1:31:00]} dxe4 {[%clk 1:29:00]} 4. Nxe4 {[%clk 1:31:00]}
Nd7 {[%clk 1:29:00]} 5. Nf3 {[%clk 1:32:00]} Ngf6 {[%clk 1:29:00]} 6. Nxf6+
{[%clk 1:32:00]} Nxf6 {[%clk 1:29:00]} 7. c3 {[%clk 1:32:00]} c5 {[%clk 1:29:00]}
8. Be3 {[%clk 1:29:00]} cxd4 {[%clk 1:28:00]} 9. Bxd4 {[%clk 1:29:00]} Be7 {[%clk
1:28:00]} 10. Bd3 {[%clk 1:29:00]} O-O {[%clk 1:27:00]} 11. Qc2 {[%clk 1:29:00]}
h6 {[%clk 1:26:00]} 12. O-O-O {[%clk 1:30:00]} Qa5 {[%clk 1:24:00]} 13. Kb1
{[%clk 1:29:00]} b5 {[%clk 1:20:00]} 14. Ne5 {[%clk 1:20:00]} Bb7 {[%clk
1:19:00]} 15. Qe2 {[%clk 1:13:00]} Bd5 {[%clk 1:17:00]} 16. b3 {[%clk 1:09:00]}
Rfb8 {[%clk 1:14:00]} 17. Rhg1 {[%clk 0:55:00]} Qc7 {[%clk 0:46:00]} 18. g4
{[%clk 0:44:00]} Rc8 {[%clk 0:42:00]} 19. h4 {[%clk 0:33:00]} g5 {[%clk 0:39:00]}
20. f4 {[%clk 0:30:00]} Nd7 {[%clk 0:38:00]} 21. Nxd7 {[%clk 0:28:00]} Qxd7
{[%clk 0:38:00]} 22. hxg5 {[%clk 0:28:00]} Bc4 {[%clk 0:18:53]} 23. gxh6 {[%clk
0:27:00]} f6 {[%clk 0:18:05]} 24. h7+ {[%clk 0:25:00]} Kf7 {[%clk 0:17:58]} 25.
g5 {[%clk 0:24:00]} a5 {[%clk 0:15:16]} 26. Qh5+ {[%clk 0:24:00]} 1-0

[Event "Campeonato España Sub 14"]
[Site "Salobreña"]
[Date "2017.07.19"]
[Round "4"]
[White "Lopez Azorin, Alejandro"]
[Black "Arjol Lopez, Daniel"]
[Result "0-1"]
[Board "5"]
[WhiteClock "1:30"]
[WhiteElo "1607"]
[WhiteCountry "ESP"]
[WhiteFideId "24536512"]
[WhiteEloChange "-2"]
[BlackClock "1:30"]
[BlackElo "1990"]
[BlackCountry "ESP"]
[BlackFideId "32099398"]
[BlackEloChange "2"]

1. d4 {[%clk 1:30:00]} Nf6 {[%clk 1:30:00]} 2. c4 {[%clk 1:31:00]} e6 {[%clk
1:31:00]} 3. Nc3 {[%clk 1:31:00]} Bb4 {[%clk 1:31:00]} 4. Bd2 {[%clk 1:30:00]}
O-O {[%clk 1:31:00]} 5. Nf3 {[%clk 1:29:00]} b6 {[%clk 1:31:00]} 6. e3 {[%clk
1:20:00]} Bb7 {[%clk 1:30:00]} 7. Bd3 {[%clk 1:19:00]} d6 {[%clk 1:30:00]} 8. O-O
{[%clk 1:19:00]} Nbd7 {[%clk 1:30:00]} 9. Re1 {[%clk 1:14:00]} e5 {[%clk
1:29:00]} 10. Ne4 {[%clk 1:08:00]} Bxd2 {[%clk 1:26:00]} 11. Nfxd2 {[%clk
1:08:00]} Nxe4 {[%clk 1:26:00]} 12. Bxe4 {[%clk 1:07:00]} Bxe4 {[%clk 1:26:00]}
13. Nxe4 {[%clk 1:08:00]} Qh4 {[%clk 1:21:00]} 14. Qf3 {[%clk 1:05:00]} f5 {[%clk
1:17:00]} 15. Nd2 {[%clk 1:03:00]} Kh8 {[%clk 1:06:00]} 16. g3 {[%clk 1:00:00]}
Qh6 {[%clk 1:06:00]} 17. Nf1 {[%clk 0:40:00]} e4 {[%clk 1:04:00]} 18. Qd1 {[%clk
0:40:00]} g5 {[%clk 1:04:00]} 19. f4 {[%clk 0:27:00]} Rg8 {[%clk 1:00:00]} 20.
Kh1 {[%clk 0:25:00]} Nf6 {[%clk 0:59:00]} 21. Qd2 {[%clk 0:19:43]} Nh5 {[%clk
0:56:00]} 22. d5 {[%clk 0:17:17]} Rg6 {[%clk 0:54:00]} 23. b4 {[%clk 0:13:52]}
Rag8 {[%clk 0:54:00]} 24. Qd4+ {[%clk 0:12:58]} R8g7 {[%clk 0:54:00]} 25. a4
{[%clk 0:11:51]} gxf4 {[%clk 0:54:00]} 26. exf4 {[%clk 0:11:57]} Kg8 {[%clk
0:50:00]} 27. Ra3 {[%clk 0:10:55]} Nxg3+ {[%clk 0:45:00]} 28. Nxg3 {[%clk
0:10:46]} Rxg3 {[%clk 0:46:00]} 29. Ra2 {[%clk 0:10:23]} Rd3 {[%clk 0:45:00]} 30.
Qf2 {[%clk 0:10:14]} Rf3 {[%clk 0:45:00]} 31. Qe2 {[%clk 0:08:31]} Qxf4 {[%clk
0:45:00]} 32. a5 {[%clk 0:08:32]} e3 {[%clk 0:44:00]} 33. axb6 {[%clk 0:06:00]}
Rf2 {[%clk 0:44:00]} 34. Qxf2 {[%clk 0:05:44]} exf2 {[%clk 0:44:00]} 0-1